| 000 | 00519nam a22001817a 4500 | ||
|---|---|---|---|
| 003 | LK-CoDNM | ||
| 005 | 20250221110523.0 | ||
| 008 | 250221b |||||||| |||| 00| 0 eng d | ||
| 040 |
_aLK-CoDNM _dLK-CoDNM _eLK-CoDNM |
||
| 041 | _atam | ||
| 080 | _aT A383 | ||
| 100 | _aஅனோமஜீ ராஜபக் ஷ | ||
| 245 | _aபலகாரத் திருடன் | ||
| 260 |
_aவாசனா பதிப்பகம் _c2005 |
||
| 300 | _a16p : 24 cm. | ||
| 650 | _aகதைநூல் | ||
| 942 | _cBK | ||
| 999 |
_c238268 _d238268 |
||